Statistics for Washington Commanders: Most Passing TDs Each Year

Click here to take the quiz!

General Stats

  • This quiz has been taken 223 times
    (112 since last reset)
  • The average score is 40 of 91

Answer Stats

YearPlayerTDs% Correct
1985Joe Theismann8
85%
1984Joe Theismann24
85%
1983Joe Theismann29
85%
1982Joe Theismann13
85%
1981Joe Theismann19
85%
1980Joe Theismann17
85%
1979Joe Theismann20
85%
1978Joe Theismann13
85%
2017Kirk Cousins27
85%
2014Kirk Cousins10
85%
2015Kirk Cousins29
85%
2016Kirk Cousins25
85%
2022Taylor Heinicke12
81%
2021Taylor Heinicke20
81%
2020Alex Smith6
78%
2018Alex Smith10
78%
2013Robert Griffin III16
78%
2012Robert Griffin III20
78%
1992Mark Rypien13
63%
1991Mark Rypien28
63%
1990Mark Rypien16
63%
1989Mark Rypien22
63%
1988Mark Rypien18
63%
1993Mark Rypien / Cary Conklin4
63%
1946Sammy Baugh8
63%
1940Sammy Baugh12
63%
1938Sammy Baugh5
63%
1937Sammy Baugh8
63%
1945Sammy Baugh11
63%
1941Sammy Baugh10
63%
1942Sammy Baugh16
63%
1943Sammy Baugh23
63%
1951Sammy Baugh7
63%
1950Sammy Baugh10
63%
1949Sammy Baugh18
63%
1948Sammy Baugh22
63%
1947Sammy Baugh25
63%
2010Donovan McNabb14
53%
1974Sonny Jurgensen11
47%
1965Sonny Jurgensen15
47%
1970Sonny Jurgensen23
47%
1969Sonny Jurgensen22
47%
1968Sonny Jurgensen17
47%
1967Sonny Jurgensen31
47%
1966Sonny Jurgensen28
47%
1964Sonny Jurgensen24
47%
2006Jason Campbell10
44%
2007Jason Campbell12
44%
2008Jason Campbell13
44%
2009Jason Campbell20
44%
1999Brad Johnson24
42%
2000Brad Johnson11
42%
2019Case Keenum11
41%
2011Rex Grossman16
37%
1977Billy Kilmer8
30%
1971Billy Kilmer13
30%
1976Billy Kilmer12
30%
1975Billy Kilmer23
30%
1973Billy Kilmer14
30%
1972Billy Kilmer19
30%
2005Mark Brunell23
30%
1986Jay Schroeder22
25%
1987Jay Schroeder12
25%
2003Patrick Ramsey14
25%
2004Patrick Ramsey10
25%
1995Gus Frerotte13
23%
1997Gus Frerotte17
23%
1996Gus Frerotte12
23%
1994Heath Shuler / John Friesz10
22%
1998Trent Green23
19%
2001Tony Banks10
11%
2002Shane Matthews11
10%
1963Norm Snead13
7%
1962Norm Snead22
7%
1961Norm Snead11
7%
1957Eddie LeBaron11
5%
1952Eddie LeBaron14
5%
1955Eddie LeBaron9
5%
1959Eddie LeBaron8
5%
1958Eddie LeBaron11
5%
1932Honolulu Hughes1
4%
1936Eddie Britt3
2%
1953Jack Scarbath9
2%
1934Steve Hokuf3
2%
1956Al Dorow8
1%
1954Al Dorow8
1%
1935Bill Shepherd / Pug Rentner / Doug Nott1
1%
1944Frank Filchock13
1%
1939Frank Filchock11
1%
1960Ralph Guglielmi9
1%
1933Ed Westfall1
0%

Score Distribution

Percentile by Number Answered

Percent of People with Each Score

Your Score History

You have not taken this quiz since the last reset